| 000 | 01737nam a2200409 a 4500 | ||
|---|---|---|---|
| 001 | ebr10523549 | ||
| 003 | CaPaEBR | ||
| 006 | m u | ||
| 007 | cr cn||||||||| | ||
| 008 | 101210s2011 enk sb 001 0 eng d | ||
| 010 | _z 2010051139 | ||
| 020 | _z9780857289681 (hardcover : alk. paper) | ||
| 020 | _z0857289683 (hardback) | ||
| 020 | _z9780857288585 (e-book) | ||
| 040 |
_aCaPaEBR _cCaPaEBR |
||
| 035 | _a(OCoLC)771282644 | ||
| 043 | _ae-uk--- | ||
| 050 | 1 | 4 |
_aPR4694 _b.R35 2011eb |
| 082 | 0 | 4 |
_a823/.8 _222 |
| 100 | 1 | _aRaines, Melissa Anne. | |
| 245 | 1 | 0 |
_aGeorge Eliot's grammar of being _h[electronic resource] / _cMelissa Anne Raines. |
| 260 |
_aLondon : _bAnthem Press, _c2011. |
||
| 300 | _axxiv, 208 p. | ||
| 490 | 1 | _aAnthem nineteenth century studies | |
| 504 | _aIncludes bibliographical references and index. | ||
| 505 | 0 | _apt. 1. 'The utmost intricacies of the soul's pathways'-syntax and individuality -- pt. 2. 'The mercy for those sorrows'-syntax and sympathy. | |
| 533 |
_aElectronic reproduction. _bPalo Alto, Calif. : _cebrary, _d2013. _nAvailable via World Wide Web. _nAccess may be limited to ebrary affiliated libraries. |
||
| 600 | 1 | 0 |
_aEliot, George, _d1819-1880 _xLiterary style. |
| 600 | 1 | 0 |
_aEliot, George, _d1819-1880 _xCriticism and interpretation. |
| 650 | 0 |
_aWomen and literature _zEngland _xHistory _y19th century. |
|
| 650 | 0 |
_aDidactic fiction, English _xHistory and criticism. |
|
| 650 | 0 |
_aEnglish language _xUsage. |
|
| 655 | 7 |
_aElectronic books. _2local |
|
| 710 | 2 | _aebrary, Inc. | |
| 830 | 0 | _aAnthem nineteenth century studies. | |
| 856 | 4 | 0 |
_uhttp://site.ebrary.com/lib/rucke/Doc?id=10523549 _zAn electronic book accessible through the World Wide Web; click to view |
| 999 |
_c142833 _d142833 |
||